Die Pille: von der Lust und von der Liebe ; [35 Jahre Pille ; die Erfolgsgeschichte des Verhütungsmittels, das zum Symbol der sexuellen Befreiung wurde] ; [... anläßlich der Ausstellung "Die Pille. Von der Lust und von der Liebe", veranstaltet vom Deutschen Hygiene-Museum, Dresden (1. Juni bis 31. Dezember 1996)]
| Corporate Authors: | ; |
|---|---|
| Contributors: | ; |
| Format: | Print Image |
| Language: | German |
| Published: |
Berlin
Rowohlt
1996
|
| In: | Year: 1996 |
| Edition: | 1. Aufl. |
| Online Access: |
Table of Contents Table of Contents |
| Availability in Tübingen: | Present in Tübingen. UB: 36 A 5903 |
| Check availability: | HBZ Gateway |
| Subito Delivery Service: | Order now. |
| Keywords: |
MARC
| LEADER | 00000cam a2200000 c 4500 | ||
|---|---|---|---|
| 001 | 196328098 | ||
| 003 | DE-627 | ||
| 005 | 20260506173028.0 | ||
| 007 | tu | ||
| 008 | 960424s1996 gw ||||| c 00| ||ger c | ||
| 015 | |a 96,A19,0713 |2 dnb | ||
| 016 | 7 | |a 947217355 |2 DE-101 | |
| 020 | |a 3871342572 |9 3-87134-257-2 | ||
| 024 | 3 | |a 9783871342578 | |
| 035 | |a (DE-627)196328098 | ||
| 035 | |a (DE-603)04985867X | ||
| 035 | |a (DE-576)05112470X | ||
| 035 | |a (DE-599)GBV196328098 | ||
| 035 | |a (OCoLC)1532165955 | ||
| 035 | |a (OCoLC)312296506 | ||
| 035 | |a (OCoLC)488975274 | ||
| 035 | |a (OCoLC)35177405 | ||
| 035 | |a (DE-Rt5)3248544 | ||
| 040 | |a DE-627 |b ger |c DE-627 |e rakwb | ||
| 041 | |a ger | ||
| 044 | |c XA-DE-BE | ||
| 082 | 0 | |a 363.9609 | |
| 082 | 0 | |a 363.9/6/0943 |q OCLC |2 21 | |
| 082 | 0 | |a 363.960943 |q LoC |2 DDC21oclc | |
| 084 | |a MED 235 (30) |2 sfb | ||
| 084 | |a MED 46 |2 sfb | ||
| 084 | |a S 590 |2 sfb | ||
| 084 | |a 33 |2 sdnb | ||
| 084 | |a VB 2300 |2 rvk |0 (DE-625)rvk/146999:253 | ||
| 084 | |a XI 5200 |2 rvk |0 (DE-625)rvk/153012:12905 | ||
| 084 | |a YM 8500 |2 rvk |0 (DE-625)rvk/153875:12905 | ||
| 084 | |a DG 5000 |2 rvk |0 (DE-625)rvk/19557: | ||
| 084 | |a 71.33 |2 bkl | ||
| 084 | |a 71.67 |2 bkl | ||
| 084 | |a 44.01 |2 bkl | ||
| 084 | |a 44.40 |2 bkl | ||
| 245 | 0 | 4 | |a Die Pille |b von der Lust und von der Liebe ; [35 Jahre Pille ; die Erfolgsgeschichte des Verhütungsmittels, das zum Symbol der sexuellen Befreiung wurde] ; [... anläßlich der Ausstellung "Die Pille. Von der Lust und von der Liebe", veranstaltet vom Deutschen Hygiene-Museum, Dresden (1. Juni bis 31. Dezember 1996)] |c hrsg. für das Deutsche Hygiene-Museum von Gisela Staupe und Lisa Vieth |
| 250 | |a 1. Aufl. | ||
| 264 | 1 | |a Berlin |b Rowohlt |c 1996 | |
| 300 | |a 239 S. |b Ill., graph. Darst. |c 25 cm | ||
| 336 | |a Text |b txt |2 rdacontent | ||
| 336 | |a unbewegtes Bild |b sti |2 rdacontent | ||
| 337 | |a ohne Hilfsmittel zu benutzen |b n |2 rdamedia | ||
| 338 | |a Band |b nc |2 rdacarrier | ||
| 361 | 1 | |5 DE-18 |y 4963582732 |s W/187 |o Vorbesitz |a Bucharchiv des Rowohlt-Verlages |f Stempel | |
| 500 | |a Ab 1. Juni 1996 können Informationen zur Ausstellung und zum Buch über folgende Internet-Adresse eingeholt werden: http://www.maz.net/dhmd/die_pille | ||
| 500 | |a Literaturverz. S. 234 - 236 | ||
| 583 | 1 | |a Archivierung/Langzeitarchivierung gewährleistet |f SSG |x XA-DE-BW |2 pdager |5 DE-21 | |
| 583 | 1 | |a Archivierung/Langzeitarchivierung gewährleistet |c 20250619 |f FID |f DE-2298 |x XA-DE-NI |z FID Pharmazie |2 pdager |5 DE-84 | |
| 648 | 7 | |a Geschichte |2 gnd | |
| 650 | 0 | |a Contraception |x History | |
| 650 | 0 | 7 | |0 (DE-588)4160658-9 |0 (DE-627)104288132 |0 (DE-576)209859466 |a Hormonale Empfängnisverhütung |2 gnd |
| 650 | 0 | 7 | |0 (DE-588)4003115-9 |0 (DE-627)106390619 |0 (DE-576)208850325 |a Arzneimittel |2 gnd |
| 650 | 0 | 7 | |0 (DE-588)4045705-9 |0 (DE-627)106200674 |0 (DE-576)209066423 |a Pharmazie |2 gnd |
| 650 | 0 | 7 | |0 (DE-588)4025864-6 |0 (DE-627)106291068 |0 (DE-576)208963405 |a Hormon |2 gnd |
| 650 | 0 | 7 | |0 (DE-588)4070794-5 |0 (DE-627)10609923X |0 (DE-576)209182040 |a Empfängnisverhütung |2 gnd |
| 650 | 0 | 7 | |0 (DE-588)4044229-9 |0 (DE-627)104288809 |0 (DE-576)20905980X |a Ovulationshemmer |2 gnd |
| 650 | 4 | |a Hormonale Empfängnisverhütung | |
| 650 | 4 | |a Kultur - Geschichte | |
| 650 | 4 | |a Sexualverhalten | |
| 650 | 4 | |a Dresden ; 1996 | |
| 650 | 4 | |a Sexualität | |
| 650 | 4 | |a Frauenbewegung | |
| 650 | 4 | |a Sozialgeschichte | |
| 650 | 4 | |a Ausstellung | |
| 650 | 4 | |a Pille | |
| 655 | 7 | |a Ausstellungskatalog |y 1996 |z Dresden |0 (DE-588)4135467-9 |0 (DE-627)10566491X |0 (DE-576)209660988 |2 gnd-content | |
| 689 | 0 | 0 | |d s |0 (DE-588)4044229-9 |0 (DE-627)104288809 |0 (DE-576)20905980X |a Ovulationshemmer |2 gnd |
| 689 | 0 | 1 | |d s |0 (DE-588)4125698-0 |0 (DE-627)104470348 |0 (DE-576)209578750 |a Kultur |2 gnd |
| 689 | 0 | 2 | |a z |2 gnd |a Geschichte |
| 689 | 0 | |5 (DE-627) | |
| 689 | 1 | 0 | |d s |0 (DE-588)4160658-9 |0 (DE-627)104288132 |0 (DE-576)209859466 |a Hormonale Empfängnisverhütung |2 gnd |
| 689 | 1 | 1 | |d s |0 (DE-588)4116485-4 |0 (DE-627)105806315 |0 (DE-576)209501987 |a Sexualverhalten |2 gnd |
| 689 | 1 | |5 (DE-627) | |
| 700 | 1 | |a Staupe, Gisela |d 1954- |e Hrsg. |0 (DE-588)1029807183 |0 (DE-627)734131712 |0 (DE-576)377657069 |4 edt | |
| 700 | 1 | |a Vieth, Lisa |4 oth | |
| 710 | 2 | |a Deutsches Hygiene-Museum |0 (DE-588)2008718-4 |0 (DE-627)101629745 |0 (DE-576)191637238 |4 oth | |
| 711 | 2 | |a Ausstellung Die Pille. Von der Lust und von der Liebe |d 1996 |c Dresden |0 (DE-588)2155261-7 |0 (DE-627)710781954 |0 (DE-576)195732480 |4 oth | |
| 856 | 4 | 2 | |u http://www.gbv.de/dms/bs/toc/196328098.pdf |m V:DE-601 |m B:DE-84 |q pdf/application |x Verlag |y Inhaltsverzeichnis |3 Inhaltsverzeichnis |7 1 |
| 856 | 4 | 2 | |u https://scans.hebis.de/HEBCGI/show.pl?04985867_toc.pdf |m V:DE-603;B:DE-17 |q application/pdf |3 Inhaltsverzeichnis |7 1 |
| 889 | |w (DE-627)101232768X | ||
| 889 | |w (DE-627)1909687308 | ||
| 935 | |a BGTS |a mkri | ||
| 935 | |i OFFLINE_4019_NISH | ||
| 935 | |i Blocktest | ||
| 936 | r | v | |a VB 2300 |b Allgemeines |k Chemie und Pharmazie |k Bibliografien und Nachschlagewerke, Geschichte und Didaktik der Chemie und Pharmazie, Betriebssicherheit |k Geschichte der Chemie und Pharmazie |k Gesamtdarstellungen |k Allgemeines |0 (DE-627)1271574985 |0 (DE-625)rvk/146999:253 |0 (DE-576)201574985 |
| 936 | r | v | |a XI 5200 |b Allgemeines |k Medizin |k Pharmakologie und Toxikologie |k Spezielle Pharmakologie und Toxikologie |k Harnorgane: Diuretika, Antidiuretika; Geschlechtsorgane: Empfängnisverhütungsmittel |k Allgemeines |0 (DE-627)1271746956 |0 (DE-625)rvk/153012:12905 |0 (DE-576)201746956 |
| 936 | r | v | |a YM 8500 |b Allgemeines |k Medizin |k Gynäkologie und Geburtshilfe |k Spezielle Geburtshilfe |k Geburtenregelung, Empfängnisverhütung |k Allgemeines |0 (DE-627)1271486792 |0 (DE-625)rvk/153875:12905 |0 (DE-576)201486792 |
| 936 | r | v | |a DG 5000 |b Sexualerziehung |k Pädagogik |k Spezialfragen der Erziehung |k Sexualerziehung |0 (DE-627)1270769472 |0 (DE-625)rvk/19557: |0 (DE-576)200769472 |
| 936 | b | k | |a 71.33 |j Frau |x Soziologie |0 (DE-627)106412671 |
| 936 | b | k | |a 71.67 |j Sexualität als soziales Problem |0 (DE-627)106412205 |
| 936 | b | k | |a 44.01 |j Geschichte der Medizin |0 (DE-627)106409638 |
| 936 | b | k | |a 44.40 |j Pharmazie |j Pharmazeutika |0 (DE-627)106423304 |
| 936 | s | n | |a d100 |2 mzub |
| 936 | s | n | |a v100 |2 mzub |
| 936 | s | n | |a w200 |2 mzub |
| 936 | s | n | |a m200 |2 mzub |
| 951 | |a BO | ||
| ELC | |b 1 | ||
| LOK | |0 000 xxxxxcx a22 zn 4500 | ||
| LOK | |0 001 311126078X | ||
| LOK | |0 003 DE-627 | ||
| LOK | |0 004 196328098 | ||
| LOK | |0 005 20010607000000 | ||
| LOK | |0 008 960701||||||||||||||||ger||||||| | ||
| LOK | |0 040 |a DE-21 |c DE-627 |d DE-21 | ||
| LOK | |0 852 |a DE-21 | ||
| LOK | |0 852 1 |c 36 A 5903 |9 00 | ||
| LOK | |0 938 |l 40 |8 2 | ||
| LOK | |0 939 |a 1996-07-01 |b l01 | ||
| LOK | |0 000 xxxxxcx a22 zn 4500 | ||
| LOK | |0 001 3111260836 | ||
| LOK | |0 003 DE-627 | ||
| LOK | |0 004 196328098 | ||
| LOK | |0 005 20100407082445 | ||
| LOK | |0 008 050309||||||||||||||||ger||||||| | ||
| LOK | |0 040 |a DE-21-52 |c DE-627 |d DE-21-52 | ||
| LOK | |0 541 |e 96/315 | ||
| LOK | |0 689 |a s |0 1310897611 |a Empfängnisverhütung, hormonale | ||
| LOK | |0 852 |a DE-21-52 | ||
| LOK | |0 852 1 |c Ap 720 |m p |9 00 | ||
| LOK | |0 935 |a k052 | ||
| LOK | |0 938 |k p | ||
| LOK | |0 939 |a 2005-03-09 |b l01 | ||
| LOK | |0 000 xxxxxcx a22 zn 4500 | ||
| LOK | |0 001 3111260852 | ||
| LOK | |0 003 DE-627 | ||
| LOK | |0 004 196328098 | ||
| LOK | |0 005 20150108101057 | ||
| LOK | |0 008 150108||||||||||||||||ger||||||| | ||
| LOK | |0 040 |a DE-21-121 |c DE-627 |d DE-21-121 | ||
| LOK | |0 541 |e 2003/0120 | ||
| LOK | |0 852 |a DE-21-121 | ||
| LOK | |0 852 1 |c medP H.1. 12 |m p |9 00 | ||
| LOK | |0 866 |x Bibdia: 19815 | ||
| LOK | |0 935 |a k121 |a i121 | ||
| LOK | |0 938 |k p | ||
| LOK | |0 939 |a 2015-01-08 |b l01 | ||
| LOK | |0 000 xxxxxcx a22 zn 4500 | ||
| LOK | |0 001 3111261743 | ||
| LOK | |0 003 DE-627 | ||
| LOK | |0 004 196328098 | ||
| LOK | |0 005 19960326000000 | ||
| LOK | |0 008 960326||||||||||||||||ger||||||| | ||
| LOK | |0 040 |a DE-Frei85 |c DE-627 |d DE-Frei85 | ||
| LOK | |0 852 |a DE-Frei85 | ||
| LOK | |0 852 1 |m p |9 00 | ||
| LOK | |0 938 |k p | ||
| LOK | |0 939 |a 1996-03-26 |b l01 | ||
| ORI | |a WA-MARC-krimdoka001.raw | ||
| SIG | |a UB: 36 A 5903 | ||
| TIM | |a 100019960101_100019961231 |b 1996 - 1996 | ||
